Characterization of [3H] oxymorphone binding sites in mouse brain quantitative autoradiography in opioid receptor knockout mice /

Elmentve itt :
Bibliográfiai részletek
Szerzők: Yoo Ji Hoon
Borsodi Anna
Tóth Géza
Benyhe Sándor
Gáspár Róbert
Matifas Audrey
Kieffer Brigitte L.
Metaxas Athanasios
Kitchen Ian
Bailey Alexis
Dokumentumtípus: Cikk
Megjelent: Elsevier 2017
Sorozat:Neuroscience Letters 643
doi:10.1016/j.neulet.2017.02.002

mtmt:3213626
Online Access:http://publicatio.bibl.u-szeged.hu/11992
LEADER 01049nab a2200301 i 4500
001 publ11992
005 20191128120341.0
008 170927s2017 hu o 0|| zxx d
022 |a 0304-3940 
024 7 |a 10.1016/j.neulet.2017.02.002  |2 doi 
024 7 |a 3213626  |2 mtmt 
040 |a SZTE Publicatio Repozitórium  |b hun 
041 |a zxx 
100 1 |a Yoo Ji Hoon 
245 1 0 |a Characterization of [3H] oxymorphone binding sites in mouse brain  |h [elektronikus dokumentum] :  |b quantitative autoradiography in opioid receptor knockout mice /  |c  Yoo Ji Hoon 
260 |a Elsevier  |c 2017 
300 |a 16-21 
490 0 |a Neuroscience Letters  |v 643 
700 0 1 |a Borsodi Anna  |e aut 
700 0 1 |a Tóth Géza  |e aut 
700 0 1 |a Benyhe Sándor  |e aut 
700 0 1 |a Gáspár Róbert  |e aut 
700 0 1 |a Matifas Audrey  |e aut 
700 0 1 |a Kieffer Brigitte L.  |e aut 
700 0 1 |a Metaxas Athanasios  |e aut 
700 0 1 |a Kitchen Ian  |e aut 
700 0 1 |a Bailey Alexis  |e aut 
856 4 0 |u http://publicatio.bibl.u-szeged.hu/11992/1/yoo2017.Gasparpdf.pdf  |z Dokumentum-elérés